[Event "North American-ch U20"]
[Site "Dulles"]
[Date "2023.12.21"]
[Round "5"]
[White "Lane, Thomas1"]
[Black "Uz, Kagan"]
[Result "0-1"]
[WhiteElo "1849"]
[BlackElo "1942"]
[PlyCount "130"]
[EventDate "2023.12.19"]
[EventType "swiss"]
[EventRounds "9"]
[EventCountry "USA"]
[SourceTitle "CB52_2023"]
[SourceDate "2023.12.27"]
[SourceVersion "1"]
[SourceVersionDate "2023.12.27"]
[SourceQuality "1"]

1. e4 d5 2. exd5 Qxd5 3. Nc3 Qd8 4. d4 Nf6 5. Nf3 Bg4 6. h3 Bxf3 7. Qxf3 c6 8. Be3 e6 9. 0-0-0 Bb4 10. Ne4 Nxe4 11. Qxe4 Qd5 12. Qxd5 cxd5 13. c3 Bd6 14. Bd3 Nc6 15. h4 h5 16. Rhe1 Kd7 17. Kb1 a6 18. a4 g6 19. Re2 Ne7 20. Bg5 Nf5 21. g3 Rhc8 22. Bf6 Rab8 23. Be5 b5 24. axb5 axb5 25. Bxf5 gxf5 26. Bxd6 Kxd6 27. Kc2 Ra8 28. Ree1 Ra4 29. Kb3 Rca8 30. Re5 Rc4 31. Ree1 b4 32. Ra1 Rac8 33. Ra6+ Ke7 34. Re3 bxc3 35. bxc3 Rb8+ 36. Kc2 Rc7 37. Ra5 Kf6 38. Re1 Rg8 39. Re5 Rg4 40. Kd2 f4 41. Rxh5 fxg3 42. fxg3 Rxg3 43. Rc5 Rxc5 44. dxc5 Rg4 45. Rh8 Rc4 46. Rc8 Rxh4 47. c6 Rc4 48. c7 Ke7 49. Kd3 Kd6 50. Rd8+ Kxc7 51. Rf8 f5 52. Re8 Kd6 53. Rd8+ Ke5 54. Re8 Rc6 55. Re7 Kf4 56. Rd7 Rc5 57. Rd6 e5 58. Rd8 e4+ 59. Kd2 Kf3 60. Rh8 f4 61. Rh3+ Kg4 62. Rh8 Ra5 63. Rg8+ Kf3 64. Rh8 Ra2+ 65. Ke1 Ke3 0-1

[Event "North American-ch U20"]
[Site "Dulles"]
[Date "2023.12.20"]
[Round "3"]
[White "Uz, Kagan"]
[Black "Montes Orozco, Miguel Angel"]
[Result "0-1"]
[WhiteElo "1942"]
[BlackElo "2155"]
[PlyCount "66"]
[EventDate "2023.12.19"]
[EventType "swiss"]
[EventRounds "9"]
[EventCountry "USA"]
[SourceTitle "CB52_2023"]
[SourceDate "2023.12.27"]
[SourceVersion "1"]
[SourceVersionDate "2023.12.27"]
[SourceQuality "1"]

1. e4 e5 2. Nf3 Nc6 3. Bb5 a6 4. Bxc6 dxc6 5. d4 exd4 6. Qxd4 Qxd4 7. Nxd4 Bd7 8. Nc3 0-0-0 9. Be3 Re8 10. 0-0-0 h5 11. Rhe1 Ne7 12. f3 Ng6 13. Kb1 Bd6 14. h3 f6 15. Nb3 b6 16. Na4 Bg3 17. Re2 Re7 18. c4 f5 19. Bg5 Re5 20. Red2 fxe4 21. Rxd7 Rxg5 22. fxe4 Ne5 23. Re7 Rd8 24. Rc1 Bf4 25. Rf1 Rxg2 26. c5 b5 27. Nb6+ cxb6 28. cxb6 Nc4 29. Nc5 Nxb6 30. Ne6 Bd6 31. Ra7 Rd7 32. Rxa6 Kb7 33. Ra5 Nc4 0-1